[Event "Werther Schloss op-A"]
[Site "Werther GER"]
[Date "2002.03.24"]
[Round "5"]
[White "Porper, Edward"]
[Black "Bunk, Karsten"]
[Result "1-0"]
[WhiteElo "2424"]
[BlackElo "2130"]
[PlyCount "73"]
[EventDate "2002.03.22"]
[EventType "swiss"]
[EventRounds "5"]
[EventCountry "GER"]
[Source "ChessBase"]
[SourceDate "2002.05.03"]

1. d4 Nf6 2. c4 g6 3. Nc3 d5 4. e3 Bg7 5. Nge2 c6 6. Nf4 e6 7. h4 h6 8. Qc2 Qe7
9. cxd5 exd5 10. Ncxd5 Nxd5 11. Nxd5 Qd6 12. Nc3 Bf5 13. Bd3 Bxd3 14. Qxd3 Nd7
15. h5 O-O-O 16. hxg6 fxg6 17. Bd2 Rhf8 18. O-O Rf5 19. Ne4 Qe6 20. f4 Re8 21.
Ng3 Rd5 22. b4 h5 23. Rf3 h4 24. Nh1 g5 25. f5 Qf6 26. Re1 g4 27. Rf4 Qg5 28.
Nf2 Ne5 29. Qf1 h3 30. dxe5 hxg2 31. Qxg2 Rxd2 32. Rxg4 Rxf2 33. Rxg5 Rxg2+ 34.
Kxg2 Bxe5 35. Kf3 Bc3 36. Reg1 Bxb4 37. Rg8 1-0

[Event "Nordic-ch"]
[Site "Bergen NOR"]
[Date "2001.08.04"]
[Round "1"]
[White "Toma, Katarzyna"]
[Black "Porper, Edward"]
[Result "0-1"]
[WhiteElo "2174"]
[BlackElo "2436"]
[PlyCount "194"]
[EventDate "2001.08.04"]
[EventType "swiss"]
[EventRounds "9"]
[EventCountry "NOR"]
[Source "Mark Crowther"]
[SourceDate "2001.08.13"]

1. e4 c5 2. Nf3 Nc6 3. d4 cxd4 4. Nxd4 Qb6 5. Nb3 Nf6 6. Nc3 e6 7. Be3 Qc7 8.
Bd3 Be7 9. O-O d6 10. f4 a6 11. Qf3 Rb8 12. a4 b6 13. Rae1 Bb7 14. Qg3 h5 15.
h3 h4 16. Qf2 Nd7 17. Nd4 Bf6 18. Nxc6 Qxc6 19. e5 Be7 20. Bd4 dxe5 21. fxe5
O-O 22. Be4 Qc7 23. Bxb7 Rxb7 24. Qf4 b5 25. axb5 axb5 26. Re2 Qc4 27. Ref2 Nc5
28. Ne4 Nxe4 29. Qxe4 Rd7 30. c3 b4 31. Qg4 bxc3 32. bxc3 Bc5 33. Qxh4 Bxd4 34.
cxd4 Qxd4 35. Qg5 Rd5 36. Kh1 Qxe5 37. Qe7 Qd6 38. Qa7 Rd1 39. Rxd1 Qxd1+ 40.
Kh2 Qd5 41. Qc7 Qd4 42. Rf4 Qb2 43. Rf3 f5 44. Rd3 Qb8 45. Rd7 Qxc7+ 46. Rxc7
g5 47. Re7 Rf6 48. Kg3 Kf8 49. Ra7 Rf7 50. Ra8+ Kg7 51. h4 g4 52. Re8 Kf6 53.
Kf4 Rb7 54. Rf8+ Ke7 55. Ra8 Kf6 56. Rf8+ Rf7 57. Re8 Rh7 58. g3 Rf7 59. Ra8
e5+ 60. Ke3 Re7 61. Rf8+ Kg6 62. Ra8 Re6 63. Ra5 Kf6 64. Ra8 Rb6 65. Rf8+ Kg6
66. Re8 Rb3+ 67. Kf2 Kf6 68. Rf8+ Ke6 69. Re8+ Kd5 70. h5 Rb2+ 71. Kg1 Rb6 72.
Ra8 Rb3 73. Kg2 f4 74. gxf4 exf4 75. h6 Rb2+ 76. Kg1 Rb1+ 77. Kg2 f3+ 78. Kf2
Rb2+ 79. Ke3 Re2+ 80. Kd3 Re7 81. Rf8 Ke6 82. Rf4 Rf7 83. h7 Rxh7 84. Rxg4 Kf5
85. Rg8 Kf4 86. Kd2 Re7 87. Rf8+ Kg3 88. Rg8+ Kf2 89. Rf8 Rd7+ 90. Kc2 Ke2 91.
Re8+ Kf1 92. Rf8 f2 93. Rf6 Rd5 94. Rf8 Kg2 95. Rg8+ Kf3 96. Rf8+ Kg3 97. Rf7
Rd4 0-1

[Event "Nordic-ch"]
[Site "Bergen NOR"]
[Date "2001.08.05"]
[Round "2"]
[White "Porper, Edward"]
[Black "Miellet Bensan, Yves"]
[Result "1/2-1/2"]
[WhiteElo "2436"]
[BlackElo "2243"]
[PlyCount "103"]
[EventDate "2001.08.04"]
[EventType "swiss"]
[EventRounds "9"]
[EventCountry "NOR"]
[Source "Mark Crowther"]
[SourceDate "2001.08.13"]

1. d4 f5 2. Bg5 d5 3. e3 c6 4. Nd2 Qb6 5. Rb1 Nd7 6. Bd3 e6 7. Nh3 Bd6 8. c4
Qc7 9. c5 Be7 10. Bxe7 Nxe7 11. Qh5+ Ng6 12. Nf4 Nf6 13. Qg5 Nxf4 14. Qxf4 Qa5
15. a3 O-O 16. Ra1 Ne4 17. b4 Qd8 18. h4 a5 19. Nb3 axb4 20. axb4 Rxa1+ 21.
Nxa1 Bd7 22. Nb3 e5 23. dxe5 Qa8 24. O-O Qa3 25. e6 Bxe6 26. Nd4 Bc8 27. Bxe4
fxe4 28. Qd6 Qxb4 29. Kh2 Qb2 30. Kg3 Qb4 31. Rc1 Qd2 32. Rc2 Qd1 33. Re2 h6
34. Kh2 Qb1 35. Rc2 Qd1 36. Ra2 Qg4 37. Qg3 Qxg3+ 38. Kxg3 Kf7 39. Ra7 Kf6 40.
Nb3 Rd8 41. Ra8 Ke7 42. Nd4 Rf8 43. Ne2 Rd8 44. Nc3 Kd7 45. Na4 Kc7 46. Nb6 Be6
47. Kf4 Rxa8 48. Nxa8+ Kb8 49. Nb6 Kc7 50. f3 exf3 51. gxf3 Bh3 52. Ke5 1/2-1/2

[Event "Nordic-ch"]
[Site "Bergen NOR"]
[Date "2001.08.06"]
[Round "3"]
[White "Eriksson, Jonas"]
[Black "Porper, Edward"]
[Result "1-0"]
[WhiteElo "2245"]
[BlackElo "2436"]
[PlyCount "80"]
[EventDate "2001.08.04"]
[EventType "swiss"]
[EventRounds "9"]
[EventCountry "NOR"]
[Source "Mark Crowther"]
[SourceDate "2001.08.13"]

1. c4 c6 2. Nf3 d5 3. d4 Nf6 4. Nc3 e6 5. e3 Nbd7 6. Qc2 Bd6 7. g4 Nxg4 8. Rg1
Nh6 9. e4 dxe4 10. Nxe4 Bb4+ 11. Bd2 Bxd2+ 12. Qxd2 Nf5 13. Bh3 Nf6 14. Nc3 g6
15. O-O-O Nd6 16. Ne5 Qe7 17. Rge1 O-O 18. Qh6 Nh5 19. c5 Ne8 20. Rg1 Nhg7 21.
Ne4 f6 22. Rxg6 b6 23. Rdg1 bxc5 24. R1g4 hxg6 25. Nxg6 Kf7 26. Nxe7 Kxe7 27.
Nxc5 Nf5 28. Qd2 Rh8 29. Bg2 Bd7 30. Qb4 Ned6 31. Nxd7 Kxd7 32. Qc5 Ne7 33. Rg7
Rhc8 34. h4 Rc7 35. Bh3 Rb8 36. a4 Rb3 37. Bg2 Rb6 38. h5 Ndf5 39. Rh7 Ke8 40.
Be4 Rd7 1-0

[Event "Nordic-ch"]
[Site "Bergen NOR"]
[Date "2001.08.07"]
[Round "4"]
[White "Porper, Edward"]
[Black "Karlsen, Terje"]
[Result "1-0"]
[WhiteElo "2436"]
[BlackElo "2068"]
[PlyCount "81"]
[EventDate "2001.08.04"]
[EventType "swiss"]
[EventRounds "9"]
[EventCountry "NOR"]
[Source "Mark Crowther"]
[SourceDate "2001.08.13"]

1. d4 Nf6 2. Nf3 c5 3. d5 e6 4. c4 exd5 5. cxd5 d6 6. Nc3 g6 7. h3 Bg7 8. e4
O-O 9. Bd3 Nbd7 10. O-O Nh5 11. Bg5 Qb6 12. Qd2 Ne5 13. Be2 Nxf3+ 14. Bxf3 Bd7
15. Bxh5 gxh5 16. Bh6 Qd8 17. Bxg7 Kxg7 18. f4 Qf6 19. Qe2 Qg6 20. Qf3 Rae8 21.
Rae1 f6 22. Rf2 Re7 23. f5 Qg5 24. Ne2 Kf7 25. Nf4 h4 26. Ne6 Bxe6 27. dxe6+
Kg8 28. Qf4 Rd8 29. Rd1 Qxf4 30. Rxf4 Rc7 31. Rg4+ Rg7 32. Rxh4 Kf8 33. Rf4 Ke7
34. Rf3 Rg5 35. Rb3 Rb8 36. Kf2 Rgg8 37. Rbd3 Rgd8 38. Rg3 Rg8 39. Rdd3 b5 40.
Ra3 Rxg3 41. Rxa7+ 1-0

[Event "Nordic-ch"]
[Site "Bergen NOR"]
[Date "2001.08.08"]
[Round "5"]
[White "Matras-Clement, Agnieszka"]
[Black "Porper, Edward"]
[Result "0-1"]
[WhiteElo "2218"]
[BlackElo "2436"]
[PlyCount "122"]
[EventDate "2001.08.04"]
[EventType "swiss"]
[EventRounds "9"]
[EventCountry "NOR"]
[Source "Mark Crowther"]
[SourceDate "2001.08.13"]

1. e4 Nc6 2. Nf3 e6 3. d4 d5 4. exd5 exd5 5. c4 Nf6 6. Nc3 Be7 7. Be3 O-O 8.
Be2 Be6 9. cxd5 Nxd5 10. O-O a6 11. Qd2 Nxc3 12. bxc3 Na5 13. Rad1 c6 14. Qc2
Bc4 15. Rfe1 Qd5 16. Ne5 Bxe2 17. Qxe2 f6 18. Nd3 Rae8 19. Nf4 Qb5 20. Qg4 f5
21. Qf3 Bd6 22. Nd3 Qc4 23. Bf4 Bxf4 24. Nxf4 Qxa2 25. Rxe8 Rxe8 26. h3 Qf7 27.
d5 cxd5 28. Rxd5 Nc6 29. Nd3 g6 30. Nc5 Rd8 31. Rxd8+ Nxd8 32. Qd3 Ne6 33. Nd7
Nf8 34. Nc5 Ne6 35. Nd7 a5 36. Qd6 a4 37. Qb8+ Kg7 38. Qe5+ Kh6 39. Nf6 a3 40.
Nd5 a2 41. Qe1 Ng5 42. c4 b5 43. Qa1 bxc4 44. Nb4 Qg7 45. Qxa2 Qc3 46. Nc2 Qb3
47. Qxb3 cxb3 48. Na3 Ne4 49. Nc4 Nc3 50. Nb2 Kg5 51. Kf1 f4 52. Ke1 Kf5 53.
Kd2 Ne4+ 54. Ke2 Ke5 55. f3 Nc5 56. Kd1 Kd4 57. Kd2 g5 58. Nd1 Na4 59. Nf2 Nc3
60. Nd3 Nb1+ 61. Ke2 Na3 0-1

[Event "Nordic-ch"]
[Site "Bergen NOR"]
[Date "2001.08.09"]
[Round "6"]
[White "Porper, Edward"]
[Black "Ekeberg, Carl"]
[Result "1-0"]
[WhiteElo "2436"]
[BlackElo "2117"]
[PlyCount "103"]
[EventDate "2001.08.04"]
[EventType "swiss"]
[EventRounds "9"]
[EventCountry "NOR"]
[Source "Mark Crowther"]
[SourceDate "2001.08.13"]

1. d4 Nf6 2. Bg5 e6 3. Nf3 c5 4. e3 b6 5. Nbd2 Bb7 6. Bd3 Be7 7. O-O d6 8. c3
O-O 9. Qe2 a6 10. Rad1 cxd4 11. exd4 Nd5 12. Qe4 g6 13. Bh6 Re8 14. c4 Nb4 15.
Qxb7 N8c6 16. a3 Rb8 17. Qxb8 Qxb8 18. axb4 Nxb4 19. Bb1 b5 20. Rc1 bxc4 21.
Rxc4 Bf8 22. Bxf8 Rxf8 23. Rfc1 Kg7 24. g3 a5 25. b3 Qb5 26. Be4 h6 27. Bc6 Qf5
28. Be4 Qb5 29. Rc7 Qe2 30. R7c4 Nd3 31. Bxd3 Qxd3 32. Rc6 g5 33. R1c3 Qe2 34.
Nf1 g4 35. N3d2 d5 36. Re3 Qb5 37. Rc5 Qb4 38. Rd3 Ra8 39. Ne3 h5 40. Nc2 Qb6
41. Nb1 Ra7 42. Nba3 Qd8 43. Rdc3 Qg5 44. Re3 Qf5 45. Ne1 Ra8 46. Nd3 Rb8 47.
Nf4 h4 48. Re5 Qh7 49. Nxe6+ Kh8 50. Rexd5 fxe6 51. Rh5 Rxb3 52. Rc8+ 1-0

[Event "Nordic-ch"]
[Site "Bergen NOR"]
[Date "2001.08.10"]
[Round "7"]
[White "Djurhuus, Rune"]
[Black "Porper, Edward"]
[Result "1-0"]
[WhiteElo "2474"]
[BlackElo "2436"]
[PlyCount "55"]
[EventDate "2001.08.04"]
[EventType "swiss"]
[EventRounds "9"]
[EventCountry "NOR"]
[Source "Mark Crowther"]
[SourceDate "2001.08.13"]

1. e4 c5 2. Nf3 Nc6 3. Bb5 g6 4. c3 Bg7 5. d4 cxd4 6. cxd4 Qb6 7. Nc3 a6 8. Ba4
Nxd4 9. Nd5 Nxf3+ 10. gxf3 Qd6 11. Qc2 Kf8 12. Be3 b5 13. Nb6 Rb8 14. Bb3 Qc6
15. Rc1 Bh6 16. Qd1 Rxb6 17. Rxc6 Rxc6 18. Bd5 Rc7 19. f4 Nf6 20. Bb6 Nxd5 21.
Bxc7 Nxc7 22. Qc1 Ne6 23. Qxc8+ Kg7 24. Qxa6 Bxf4 25. Qxb5 Rb8 26. Qc4 Be5 27.
b4 Rb7 28. O-O 1-0

[Event "Nordic-ch"]
[Site "Bergen NOR"]
[Date "2001.08.12"]
[Round "9"]
[White "Gabrielsen, Trond"]
[Black "Porper, Edward"]
[Result "0-1"]
[WhiteElo "2217"]
[BlackElo "2436"]
[PlyCount "68"]
[EventDate "2001.08.04"]
[EventType "swiss"]
[EventRounds "9"]
[EventCountry "NOR"]
[Source "Mark Crowther"]
[SourceDate "2001.08.13"]

1. Nf3 d5 2. c4 c6 3. b3 Bg4 4. e3 e6 5. Bb2 Nf6 6. Be2 Nbd7 7. O-O Bd6 8. cxd5
exd5 9. Nd4 Bxe2 10. Qxe2 O-O 11. Nc3 Re8 12. f4 Nc5 13. Rf3 Qd7 14. Raf1 a5
15. Rg3 Bf8 16. Nf3 Nfe4 17. Nxe4 Nxe4 18. Rh3 f6 19. Qe1 a4 20. Qh4 h6 21. g4
axb3 22. axb3 Ra2 23. Bc1 g5 24. Qh5 Qf7 25. Qxf7+ Kxf7 26. d3 Nc3 27. Kh1 gxf4
28. exf4 Ra1 29. Nd4 Ba3 30. Bxa3 Rxf1+ 31. Kg2 Rxf4 32. Nf5 Re2+ 33. Kg3 Ref2
34. Nh4 Ne2# 0-1

[Event "Tage Sorensen mem"]
[Site "Holbaek DEN"]
[Date "2001.06.23"]
[Round "1"]
[White "Pedersen, Kim"]
[Black "Porper, Edward"]
[Result "1/2-1/2"]
[WhiteElo "2227"]
[BlackElo "2436"]
[PlyCount "104"]
[EventDate "2001.06.23"]
[EventType "swiss"]
[EventRounds "9"]
[EventCountry "DEN"]
[Source "ChessBase"]
[SourceDate "2001.11.25"]

1. d4 d5 2. Nf3 Nf6 3. c4 c6 4. e3 Bg4 5. h3 Bxf3 6. Qxf3 e6 7. a3 Nbd7 8. cxd5
exd5 9. Nc3 Bd6 10. Bd3 O-O 11. g4 Qe7 12. g5 Ne8 13. h4 f5 14. Kf1 Qe6 15. Ne2
Bc7 16. Bd2 Nd6 17. Nf4 Qe7 18. Bb4 a5 19. Bxd6 Bxd6 20. Rc1 Nb6 21. Rc2 Rae8
22. Kg2 Qc7 23. Nh3 Qd7 24. Nf4 Bc7 25. Rhc1 a4 26. Ne2 Re4 27. Qh3 Re7 28. Qf3
Nc8 29. Nc3 Qd6 30. Rh1 Nb6 31. Ne2 g6 32. Nf4 Rg7 33. Rcc1 Qe7 34. Rh3 Bxf4
35. Qxf4 Qc7 36. Qxc7 Rxc7 37. f4 Re7 38. Kf2 Rfe8 39. Re1 Nc4 40. Bxc4 dxc4
41. h5 gxh5 42. Rxh5 b5 43. Rh6 Re6 44. Rxe6 Rxe6 45. Rh1 Kg7 46. Ke2 h6 47.
Kd2 hxg5 48. fxg5 Rg6 49. Rh5 Re6 50. Rh3 Rg6 51. Rh5 Re6 52. Rh3 Rg6 1/2-1/2

[Event "Tage Sorensen mem"]
[Site "Holbaek DEN"]
[Date "2001.06.24"]
[Round "2"]
[White "Porper, Edward"]
[Black "Kiss, Gergely"]
[Result "1/2-1/2"]
[WhiteElo "2436"]
[BlackElo "2270"]
[PlyCount "130"]
[EventDate "2001.06.23"]
[EventType "swiss"]
[EventRounds "9"]
[EventCountry "DEN"]
[Source "ChessBase"]
[SourceDate "2001.11.25"]

1. d4 Nf6 2. c4 g6 3. Nc3 Bg7 4. e4 d6 5. Nf3 O-O 6. Be2 e5 7. d5 Nbd7 8. Bg5
h6 9. Bh4 g5 10. Bg3 Nh5 11. Nd2 Nf4 12. Bf1 Nc5 13. Qc2 f5 14. f3 fxe4 15.
Ndxe4 Nxe4 16. Nxe4 c6 17. Qd2 cxd5 18. cxd5 Bf5 19. Bf2 Bg6 20. g3 Nh5 21. Bg2
Nf6 22. O-O Bf7 23. Qb4 Bxd5 24. Nxd6 Qe7 25. a3 Nd7 26. Ne4 Qxb4 27. axb4 a6
28. Rfd1 Bc6 29. Ra3 Nf6 30. Nd6 Rfd8 31. Rad3 Bf8 32. Bc5 Bxd6 33. Rxd6 Rxd6
34. Rxd6 Kf7 35. Kf2 Bd5 36. Bh3 h5 37. Bf1 Rc8 38. Bd3 Re8 39. Ke3 Re6 40. Bf5
Re8 41. h4 gxh4 42. gxh4 Rg8 43. Kf2 Re8 44. Be3 Ke7 45. Rb6 Bc6 46. Bg5 Kf7
47. Bxf6 Kxf6 48. Bd7 Rd8 49. Bxc6 Rd6 50. b5 axb5 51. Rxb7 Rxc6 52. Rxb5 Rc2+
53. Kg3 Re2 54. Rb6+ Kg7 55. b4 Rb2 56. b5 Rb3 57. Kf2 Rb4 58. Kg3 Rb3 59. Kf2
Rb4 60. Ke3 Kf7 61. Rh6 Rxh4 62. b6 Rb4 63. b7 Kg7 64. Rxh5 Rxb7 65. Rxe5 Kf6
1/2-1/2

[Event "Tage Sorensen mem"]
[Site "Holbaek DEN"]
[Date "2001.06.25"]
[Round "3"]
[White "Naes, Flovin Tor"]
[Black "Porper, Edward"]
[Result "0-1"]
[WhiteElo "2236"]
[BlackElo "2436"]
[PlyCount "116"]
[EventDate "2001.06.23"]
[EventType "swiss"]
[EventRounds "9"]
[EventCountry "DEN"]
[Source "ChessBase"]
[SourceDate "2001.11.25"]

1. c4 c6 2. e4 d5 3. exd5 cxd5 4. d4 Nf6 5. Nc3 e6 6. Nf3 Be7 7. cxd5 Nxd5 8.
Bd3 Nxc3 9. bxc3 Qc7 10. Bb2 Nd7 11. O-O O-O 12. Re1 Bf6 13. Qe2 g6 14. Rac1 b6
15. h4 Bb7 16. h5 Rfe8 17. c4 Qf4 18. hxg6 hxg6 19. Qe3 Qg4 20. Be4 Bxe4 21.
Qxe4 Qxe4 22. Rxe4 Rac8 23. Ba3 Rc7 24. d5 Nc5 25. Bxc5 Rxc5 26. Rce1 Kg7 27.
dxe6 Rxe6 28. Rxe6 fxe6 29. Rxe6 Rxc4 30. Rd6 Ra4 31. Rd7+ Kf8 32. Rd2 Ke7 33.
Kf1 Ra3 34. Ke2 b5 35. Rc2 Kd6 36. Nd2 Kd5 37. Nb1 Ra4 38. Kd3 Rd4+ 39. Ke2 Rc4
40. Rxc4 Kxc4 41. Na3+ Kc5 42. Kd3 a5 43. f4 a4 44. g4 Bb2 45. Nc2 b4 46. f5 g5
47. Ne1 Bf6 48. Nc2 a3 49. Ke4 b3 50. axb3 a2 51. b4+ Kc4 52. b5 Kc3 53. Na1
Kd2 54. b6 Bxa1 55. b7 Be5 56. Kxe5 a1=Q+ 57. Kd6 Qd4+ 58. Kc6 Qd8 0-1

[Event "Tage Sorensen mem"]
[Site "Holbaek DEN"]
[Date "2001.06.26"]
[Round "4"]
[White "Porper, Edward"]
[Black "Nielsen, Max"]
[Result "1-0"]
[WhiteElo "2436"]
[BlackElo "2247"]
[PlyCount "129"]
[EventDate "2001.06.23"]
[EventType "swiss"]
[EventRounds "9"]
[EventCountry "DEN"]
[Source "ChessBase"]
[SourceDate "2001.11.25"]

1. d4 Nf6 2. c4 c5 3. d5 b5 4. Nf3 g6 5. g3 Bg7 6. Bg2 d6 7. O-O O-O 8. Re1
bxc4 9. Nfd2 Ba6 10. Qc2 Qa5 11. Rd1 Nbd7 12. Nxc4 Bxc4 13. Qxc4 Qb6 14. h3 Ne8
15. Nc3 Nc7 16. Qa4 Nf6 17. Rb1 Qa6 18. Qc6 Rfd8 19. Bd2 Rab8 20. Qxa6 Nxa6 21.
b3 Nc7 22. e4 Nb5 23. Nxb5 Rxb5 24. Bf1 Rbb8 25. Ba6 Rf8 26. Re1 Rb6 27. Bc4
Nd7 28. f4 Rbb8 29. a4 Nb6 30. Ba6 Bd4+ 31. Kg2 e6 32. a5 Na8 33. Bc4 Nc7 34.
b4 a6 35. bxc5 Bxc5 36. dxe6 fxe6 37. Bc3 Rfe8 38. h4 d5 39. Rxb8 Rxb8 40. exd5
exd5 41. Ba2 Rb5 42. Re2 Bb4 43. Bxb4 Rxb4 44. Rc2 Rb5 45. Rxc7 Rb2+ 46. Kf3
Rxa2 47. Rc5 Ra3+ 48. Kf2 d4 49. g4 Kf7 50. h5 gxh5 51. Rxh5 Kg7 52. Rd5 Kf7
53. Rd7+ Ke6 54. Rxh7 Rxa5 55. Rh6+ Kf7 56. Kf3 Ra3+ 57. Ke4 Rg3 58. g5 a5 59.
Kxd4 Rg1 60. Ke5 a4 61. Ra6 Ra1 62. Kf5 a3 63. Ra7+ Ke8 64. Kf6 Ra2 65. f5 1-0

[Event "Tage Sorensen mem"]
[Site "Holbaek DEN"]
[Date "2001.06.27"]
[Round "5"]
[White "Skytte, Rasmus"]
[Black "Porper, Edward"]
[Result "0-1"]
[WhiteElo "2352"]
[BlackElo "2436"]
[PlyCount "94"]
[EventDate "2001.06.23"]
[EventType "swiss"]
[EventRounds "9"]
[EventCountry "DEN"]
[Source "ChessBase"]
[SourceDate "2001.11.25"]

1. e4 d6 2. d4 Nf6 3. Nc3 e5 4. Nf3 Nbd7 5. Bc4 Be7 6. O-O O-O 7. Re1 c6 8. a4
b6 9. d5 c5 10. Bd2 Rb8 11. b3 a5 12. Nb5 Ra8 13. c3 Ne8 14. Be3 g6 15. Bh6 Ng7
16. Nd2 f5 17. f4 Rf7 18. Nf3 fxe4 19. Ng5 Rxf4 20. Nxe4 Rxe4 21. Rxe4 Nf5 22.
Bc1 Nf6 23. Re1 Bb7 24. Ra2 Qd7 25. Rf1 h5 26. Re2 Kg7 27. Na3 Rf8 28. Nc2 Bc8
29. Bd3 Qe8 30. Bxf5 gxf5 31. Qd3 f4 32. c4 Nh7 33. Bb2 Bf5 34. Qc3 Bf6 35. Ne1
Qg6 36. Kh1 Kf7 37. Ref2 Ng5 38. Qc1 h4 39. Rxf4 exf4 40. Bxf6 Qxf6 41. Qxf4
Kg6 42. Qxh4 Rh8 43. Qf2 Qe5 44. Nf3 Nxf3 45. gxf3 Kf7 46. Qd2 Bh3 47. Rg1 Rg8
0-1

[Event "Tage Sorensen mem"]
[Site "Holbaek DEN"]
[Date "2001.06.28"]
[Round "6"]
[White "Porper, Edward"]
[Black "Hermansson, Emil"]
[Result "0-1"]
[WhiteElo "2436"]
[BlackElo "2412"]
[PlyCount "88"]
[EventDate "2001.06.23"]
[EventType "swiss"]
[EventRounds "9"]
[EventCountry "DEN"]
[Source "ChessBase"]
[SourceDate "2001.11.25"]

1. d4 Nf6 2. Nf3 e6 3. c4 b6 4. Nc3 Bb4 5. Bg5 h6 6. Bh4 Bb7 7. e3 g5 8. Bg3
Ne4 9. Qc2 Bxc3+ 10. bxc3 d6 11. Bd3 f5 12. d5 Nd7 13. Nd4 Ndc5 14. f3 Nxd3+
15. Qxd3 Nc5 16. Qc2 Qf6 17. Nb5 Kd7 18. O-O a6 19. Nd4 exd5 20. cxd5 f4 21.
Bf2 fxe3 22. Bxe3 Rae8 23. Nf5 Rhf8 24. g4 Bxd5 25. Bd4 Qg6 26. Bxc5 bxc5 27.
Qa4+ Bc6 28. Qxa6 Re5 29. Rae1 Rfe8 30. Rxe5 Rxe5 31. Qc4 h5 32. h3 hxg4 33.
hxg4 Qf6 34. Kf2 Bd5 35. Qb5+ Bc6 36. Qc4 Re6 37. Rh1 Qe5 38. a4 Kc8 39. a5 Kb7
40. Qd3 Ka7 41. Qd2 Bxf3 42. Rh7 Bxg4 43. Rxc7+ Ka8 44. Ng3 Rf6+ 0-1

[Event "Tage Sorensen mem"]
[Site "Holbaek DEN"]
[Date "2001.06.29"]
[Round "7"]
[White "Jorgensen, Michael"]
[Black "Porper, Edward"]
[Result "0-1"]
[WhiteElo "2290"]
[BlackElo "2436"]
[PlyCount "88"]
[EventDate "2001.06.23"]
[EventType "swiss"]
[EventRounds "9"]
[EventCountry "DEN"]
[Source "ChessBase"]
[SourceDate "2001.11.25"]

1. d4 d5 2. c4 c6 3. Nf3 Nf6 4. Nc3 e6 5. Bg5 h6 6. Bxf6 Qxf6 7. e3 Nd7 8. Bd3
dxc4 9. Bxc4 g6 10. O-O Bg7 11. e4 e5 12. dxe5 Nxe5 13. Nxe5 Qxe5 14. Qb3 O-O
15. f4 Qc5+ 16. Kh1 b5 17. Bd3 Rd8 18. Qc2 b4 19. Na4 Qxc2 20. Bxc2 Rd2 21. Bb3
Ba6 22. Rf3 Bd4 23. h4 c5 24. Bd5 Rd8 25. Rc1 c4 26. f5 g5 27. hxg5 hxg5 28. f6
Bb5 29. Rf5 Bxa4 30. Rxg5+ Kf8 31. Rxc4 Bxf6 32. Rf5 Kg7 33. e5 Rd1+ 34. Kh2
Bxe5+ 35. Rxe5 R1xd5 36. Rxd5 Rxd5 37. Rxb4 Bb5 38. Kg3 a5 39. Rb3 Rd3+ 40.
Rxd3 Bxd3 41. Kf4 Bb1 42. a3 a4 43. Ke5 Bc2 44. Kd4 Bb3 0-1

[Event "Tage Sorensen mem"]
[Site "Holbaek DEN"]
[Date "2001.06.30"]
[Round "8"]
[White "Porper, Edward"]
[Black "Visweswaran, Kameswaran"]
[Result "1/2-1/2"]
[WhiteElo "2436"]
[BlackElo "2301"]
[PlyCount "91"]
[EventDate "2001.06.23"]
[EventType "swiss"]
[EventRounds "9"]
[EventCountry "DEN"]
[Source "ChessBase"]
[SourceDate "2001.11.25"]

1. d4 Nf6 2. Nf3 g6 3. c4 Bg7 4. Nc3 O-O 5. e4 d6 6. Be2 Na6 7. Bg5 h6 8. Bh4
e5 9. d5 g5 10. Bg3 Nc5 11. Nd2 a5 12. h4 g4 13. h5 Kh8 14. b3 c6 15. a3 Qd7
16. b4 Ncxe4 17. Ndxe4 Nxe4 18. Nxe4 f5 19. Nd2 f4 20. Bh4 e4 21. Nxe4 axb4 22.
a4 f3 23. gxf3 gxf3 24. Bd3 cxd5 25. cxd5 Qf5 26. Bg3 Qxd5 27. Nxd6 b3 28. Bb5
b2 29. Rb1 Qc5 30. Kf1 Bf5 31. Nxf5 Rxf5 32. Rg1 Rc8 33. Bd3 Qc1 34. Bxf5 Qxd1+
35. Rxd1 Rc1 36. Re1 Bc3 37. Be5+ Bxe5 38. Rg6 Bc3 39. Rxh6+ Kg7 40. Rhe6 Bxe1
41. h6+ Kf7 42. Rxe1 b6 43. Be4 Kf6 44. h7 Kg7 45. Bd3 Kh8 46. Bf5 1/2-1/2

[Event "Oz.com qual blitz"]
[Site "Internet ICC"]
[Date "2000.03.05"]
[Round "2"]
[White "Porper, Edward"]
[Black "MacArthur, John"]
[Result "1/2-1/2"]
[WhiteElo "2436"]
[BlackElo "2150"]
[PlyCount "46"]
[EventDate "2000.03.05"]
[EventType "swiss (blitz)"]
[EventRounds "9"]
[Source "ChessBase"]
[SourceDate "2000.11.22"]

1. d4 Nf6 2. c4 c5 3. d5 b5 4. Nf3 b4 5. a3 g6 6. Nbd2 Bg7 7. e4 d6 8. axb4
cxb4 9. Qa4+ Nfd7 10. Qxb4 Na6 11. Qa3 O-O 12. Be2 Rb8 13. O-O Ndc5 14. Rb1 Rb4
15. Ne1 Qb6 16. b3 Bd7 17. Nc2 Rb8 18. Nxb4 Nxb4 19. Bb2 Nc2 20. Qa2 Nb4 21.
Qa1 Nc2 22. Qa2 Nb4 23. Qa1 Nc2 1/2-1/2

[Event "Oz.com qual blitz"]
[Site "Internet ICC"]
[Date "2000.03.05"]
[Round "3"]
[White "Thorfinnsson, Bragi"]
[Black "Porper, Edward"]
[Result "0-1"]
[WhiteElo "2260"]
[BlackElo "2436"]
[PlyCount "84"]
[EventDate "2000.03.05"]
[EventType "swiss (blitz)"]
[EventRounds "9"]
[Source "ChessBase"]
[SourceDate "2000.11.22"]

1. d4 d5 2. Bg5 c6 3. Nf3 Qb6 4. b3 Bf5 5. e3 e6 6. Bd3 Bxd3 7. Qxd3 Nd7 8.
Nbd2 Bd6 9. O-O Ngf6 10. c4 Qc7 11. e4 dxe4 12. Nxe4 Be7 13. Rfe1 O-O-O 14. d5
Nc5 15. Nxc5 Bxc5 16. Qc3 Qb6 17. Re2 Bxf2+ 18. Rxf2 Qxf2+ 19. Kxf2 Ne4+ 20.
Ke3 Nxc3 21. Bxd8 Rxd8 22. Kd3 Nxd5 23. cxd5 Rxd5+ 24. Kc4 Kd7 25. Re1 f6 26.
Re2 e5 27. Rd2 Kd6 28. Rxd5+ cxd5+ 29. Kc3 g5 30. h3 h5 31. a4 e4 32. Nd4 Ke5
33. a5 f5 34. b4 f4 35. b5 g4 36. hxg4 hxg4 37. a6 bxa6 38. bxa6 f3 39. gxf3
gxf3 40. Nc6+ Kf4 41. Kd2 Kg3 42. Ke1 Kg2 0-1

[Event "Oz.com qual blitz"]
[Site "Internet ICC"]
[Date "2000.03.05"]
[Round "4"]
[White "Porper, Edward"]
[Black "Pavasovic, Dusko"]
[Result "0-1"]
[WhiteElo "2436"]
[BlackElo "2544"]
[PlyCount "118"]
[EventDate "2000.03.05"]
[EventType "swiss (blitz)"]
[EventRounds "9"]
[Source "ChessBase"]
[SourceDate "2000.11.22"]

1. d4 Nc6 2. Nf3 d6 3. g3 Bg4 4. Bg2 e5 5. dxe5 dxe5 6. Qxd8+ Rxd8 7. c3 Nf6 8.
Bg5 Be7 9. Nbd2 O-O 10. Nc4 h6 11. Be3 Nd7 12. Nfd2 Ndb8 13. b4 b5 14. Nb2 f5
15. Nd3 Rfe8 16. a4 a6 17. axb5 axb5 18. Ra8 Bh5 19. Bh3 Bg6 20. f4 e4 21. Nc5
Bf6 22. Ra3 Nd7 23. Nxd7 Rxd7 24. g4 Red8 25. gxf5 Bh5 26. Rg1 Bh4+ 27. Kd1
Rxd2+ 28. Bxd2 e3 29. Ra2 Bf6 30. Kc1 Bf7 31. Rb2 exd2+ 32. Rxd2 Bxc3 33. Rxd8+
Nxd8 34. e4 Bxb4 35. e5 Bc5 36. Rg3 Kf8 37. Rd3 Nc6 38. e6 Be8 39. Bg2 Nd4 40.
Kd2 Bb6 41. Ra3 Nxf5 42. Kd3 Ke7 43. Bh3 Kxe6 44. Ke4 Bc6+ 45. Kd3 Kf6 46. Rc3
Bb7 47. Rb3 c5 48. Rb1 c4+ 49. Kd2 Ba5+ 50. Ke2 b4 51. Ra1 Bb6 52. Ra4 Nd4+ 53.
Kd2 Bc5 54. Bf1 c3+ 55. Kd3 c2 56. Kd2 Be4 57. Bc4 b3 58. Kc1 Ne2+ 59. Bxe2
Be3+ 0-1

[Event "Oz.com qual blitz"]
[Site "Internet ICC"]
[Date "2000.03.05"]
[Round "5"]
[White "Michalke, Guenter"]
[Black "Porper, Edward"]
[Result "0-1"]
[WhiteElo "2197"]
[BlackElo "2436"]
[PlyCount "112"]
[EventDate "2000.03.05"]
[EventType "swiss (blitz)"]
[EventRounds "9"]
[Source "ChessBase"]
[SourceDate "2000.11.22"]

1. e4 d6 2. d4 Nf6 3. Nc3 e5 4. dxe5 dxe5 5. Qxd8+ Kxd8 6. Bc4 Be6 7. Bxe6 fxe6
8. Bg5 Bd6 9. O-O-O Ke7 10. f3 Nbd7 11. Nh3 Rhb8 12. Nf2 b5 13. Nd3 a5 14. Rhe1
a4 15. f4 b4 16. Nb1 b3 17. cxb3 axb3 18. a3 Ra6 19. Nc3 Rc6 20. Kb1 Rc4 21. g4
Kf7 22. f5 Bxa3 23. Bxf6 gxf6 24. h4 Bd6 25. fxe6+ Kxe6 26. Rf1 Rc6 27. Rf2 Ra6
28. Rdf1 Rba8 29. Kc1 Ra1+ 30. Kd2 Rxf1 31. Rxf1 Nb6 32. Rf5 Nc4+ 33. Ke2 c6
34. Rh5 Ra2 35. Nd1 Ba3 36. Rxh7 Nxb2 37. N1xb2 Kd6 38. Ra7 Bxb2 39. Rf7 Bd4+
40. Kd1 b2 41. Rb7 Ra1+ 42. Kc2 Rg1 43. g5 fxg5 44. hxg5 Rxg5 45. Kb1 Rg1+ 46.
Kc2 Rg2+ 47. Kb1 c5 48. Rb8 c4 49. Nxb2 Bxb2 50. Rxb2 Rxb2+ 51. Kxb2 Kc5 52.
Kc3 Kb5 53. Kc2 Kb4 54. Kb2 c3+ 55. Kc1 Kc4 56. Kc2 Kd4 0-1